<?xml version="1.0" encoding="UTF-8"?>
<record
    xmlns:xsi="http://www.w3.org/2001/XMLSchema-instance"
    xsi:schemaLocation="http://www.loc.gov/MARC21/slim http://www.loc.gov/standards/marcxml/schema/MARC21slim.xsd"
    xmlns="http://www.loc.gov/MARC21/slim">

  <leader>02344nam a22002897a 4500</leader>
  <controlfield tag="003">DO-SdBNP</controlfield>
  <controlfield tag="005">20210601095748.0</controlfield>
  <controlfield tag="008">210517b 2019 dr  00| 0 spa d</controlfield>
  <datafield tag="020" ind1=" " ind2=" ">
    <subfield code="a">9789945804393</subfield>
  </datafield>
  <datafield tag="040" ind1=" " ind2=" ">
    <subfield code="a">BPMSU</subfield>
    <subfield code="b">spa</subfield>
    <subfield code="c">BPMSU</subfield>
  </datafield>
  <datafield tag="082" ind1=" " ind2=" ">
    <subfield code="a">782.6</subfield>
    <subfield code="b">D159c 2019</subfield>
    <subfield code="2">22</subfield>
  </datafield>
  <datafield tag="100" ind1="1" ind2=" ">
    <subfield code="a">L&#xF3;pez Reyes, Oscar ,</subfield>
  </datafield>
  <datafield tag="245" ind1="1" ind2="0">
    <subfield code="a">Casandra Damir&#xF3;n :</subfield>
    <subfield code="b">vida y canto /</subfield>
    <subfield code="c">Oscar L&#xF3;pez Reyes ; pr&#xF3;logo Andr&#xE9;s Jos&#xE9; Moreta Damir&#xF3;n </subfield>
  </datafield>
  <datafield tag="250" ind1=" " ind2=" ">
    <subfield code="a">3a. ed</subfield>
  </datafield>
  <datafield tag="260" ind1=" " ind2=" ">
    <subfield code="a">Santo Domingo :</subfield>
    <subfield code="b">Ministerio de Cultura, </subfield>
    <subfield code="c">2019</subfield>
  </datafield>
  <datafield tag="300" ind1=" " ind2=" ">
    <subfield code="a">189 p.;</subfield>
    <subfield code="c">22 cm.</subfield>
    <subfield code="b"> </subfield>
  </datafield>
  <datafield tag="500" ind1=" " ind2=" ">
    <subfield code="a">Incluyes datos Bibliogr&#xE1;fico del autor en la solapa cubierta </subfield>
  </datafield>
  <datafield tag="504" ind1=" " ind2=" ">
    <subfield code="a">Bibliogr&#xE1;fico p. 188 -189.</subfield>
  </datafield>
  <datafield tag="505" ind1="0" ind2=" ">
    <subfield code="a">&#xCD;ndice -- Pr&#xF3;logo -- A la &#xFA;ltima ediciones -- Pr&#xF3;logo -- A la primera edici&#xF3;n -- Introducci&#xF3;n -- capitulo I -- Advenimientos a la vida -- Bayonetas, riquezas y belleza -- Cap&#xED;tulo II -- Carrera Art&#xED;stica -- A los 6 canta en escuela e iglesia -- Un debut de proyecciones exitosas -- La voz de yuna ,  hacia el estrellato -- Primera temporada fuera de su suelo -- Alborozos y funci&#xF3;n en Barahona -- El arte plantea uni&#xF3;n matrimonial -- Reviste el esplendor bailes t&#xED;picos -- Albricias! aviva en CMQ, la Habana  -- Huellas rutilantes en dos d&#xE9;cadas -- Programa de TV, ense&#xF1;anza y discos -- La chismosa y una orden de ultraje -- Amorosas, consejera y dominicanismo -- cap&#xED;tulo III -- En el ocaso de su vida -- Faenas entre el hogar y las danzas -- Madrugada con soledad paciente ... Final -- Testimonio de figuras en  su despedida-- Voces de los diarios dominicanos -- Cap&#xED;tulos IV -- Placas , Copas y pergaminos --* Expresi&#xF3;n de reconocimientos y y afectos -- Cap&#xED;tulo V -- M&#xFA;sica e identidad nacional -- Estilizaci&#xF3;n de la danza t&#xED;pica -- Cap&#xED;tulo VI -- Protagonista del Siglo XX  y herencia -- Sobredimensionada tras su partida -- Herencia biol&#xF3;gica satisfacci&#xF3;n -- Fotograf&#xED;a-- Citas Bibliogr&#xE1;ficas --- Consulta a persona y medios .                                                                                                          </subfield>
  </datafield>
  <datafield tag="590" ind1=" " ind2=" ">
    <subfield code="a">Inventario, 2021/MC</subfield>
  </datafield>
  <datafield tag="600" ind1=" " ind2="4">
    <subfield code="a">Damir&#xF3;n, Casandra</subfield>
    <subfield code="d">1919-1983</subfield>
  </datafield>
  <datafield tag="650" ind1=" " ind2="4">
    <subfield code="a">Cantantes </subfield>
    <subfield code="z">Rep&#xFA;blica Dominicana</subfield>
    <subfield code="v">Biograf&#xED;a</subfield>
  </datafield>
  <datafield tag="700" ind1="1" ind2=" ">
    <subfield code="a">Moreta Damir&#xF3;n, Andr&#xE9;s Jos&#xE9; </subfield>
    <subfield code="e">pr&#xF3;l. </subfield>
  </datafield>
  <datafield tag="710" ind1="2" ind2=" ">
    <subfield code="a">Ministerio de Cultura (Rep&#xFA;blica Dominicana)</subfield>
  </datafield>
  <datafield tag="910" ind1=" " ind2=" ">
    <subfield code="a">Mcabrera /VMateo</subfield>
  </datafield>
  <datafield tag="942" ind1=" " ind2=" ">
    <subfield code="2">ddc</subfield>
    <subfield code="c">BK</subfield>
  </datafield>
  <datafield tag="952" ind1=" " ind2=" ">
    <subfield code="0">0</subfield>
    <subfield code="1">0</subfield>
    <subfield code="2">ddc</subfield>
    <subfield code="4">0</subfield>
    <subfield code="7">0</subfield>
    <subfield code="8">CD</subfield>
    <subfield code="a">BPMET</subfield>
    <subfield code="b">BPMET</subfield>
    <subfield code="d">2021-05-17</subfield>
    <subfield code="l">0</subfield>
    <subfield code="o">BPMSU CD 782.6 D159c 2019</subfield>
    <subfield code="p">BPMSU21050104</subfield>
    <subfield code="r">2021-05-17</subfield>
    <subfield code="w">2021-05-17</subfield>
    <subfield code="y">BK</subfield>
  </datafield>
  <datafield tag="952" ind1=" " ind2=" ">
    <subfield code="0">0</subfield>
    <subfield code="1">0</subfield>
    <subfield code="2">ddc</subfield>
    <subfield code="4">0</subfield>
    <subfield code="7">0</subfield>
    <subfield code="8">CD</subfield>
    <subfield code="a">BPMET</subfield>
    <subfield code="b">BPMET</subfield>
    <subfield code="d">2021-05-17</subfield>
    <subfield code="e">Compra</subfield>
    <subfield code="l">0</subfield>
    <subfield code="o">BPMSU CD 782.6 D159c 2019</subfield>
    <subfield code="p">BPMSU21050105</subfield>
    <subfield code="r">2021-05-17</subfield>
    <subfield code="t">e.2</subfield>
    <subfield code="w">2021-05-17</subfield>
    <subfield code="y">BK</subfield>
  </datafield>
  <datafield tag="952" ind1=" " ind2=" ">
    <subfield code="0">0</subfield>
    <subfield code="1">0</subfield>
    <subfield code="2">ddc</subfield>
    <subfield code="4">0</subfield>
    <subfield code="7">0</subfield>
    <subfield code="8">CD</subfield>
    <subfield code="a">BPMET</subfield>
    <subfield code="b">BPMET</subfield>
    <subfield code="d">2021-05-17</subfield>
    <subfield code="o">BPMSU CD 782.6 D159c 2019</subfield>
    <subfield code="p">BPMSU21050106</subfield>
    <subfield code="r">2021-05-17</subfield>
    <subfield code="t">e.3</subfield>
    <subfield code="w">2021-05-17</subfield>
    <subfield code="y">BK</subfield>
  </datafield>
  <datafield tag="999" ind1=" " ind2=" ">
    <subfield code="c">13507</subfield>
    <subfield code="d">13507</subfield>
  </datafield>
</record>
